Science Quiz

Random Science or Physics Quiz

First Names from Scientific Units Quiz Stats

 Plays Quiz Updated Mar 20, 2020

Support Sporcle.
Go Orange.
Score 0/48 Timer 06:00
0 Plays Today
Unit First name % Correct
Curie (Ci)Marie & Pierre Curie
79.8%
Newton (N)Isaac Newton
79.5%
Joule (J)James P. Joule
70.6%
Watt (W)James Watt
70.6%
Maxwell (Mx)James C. Maxwell
70.6%
Dalton (Da)John Dalton
69.7%
Neper (Np)John Napier
69.7%
RaylJohn W. Strutt (Lord Rayleigh)
69.7%
Tesla (T)Nikola Tesla
59.9%
Franklin (Fr)Benjamin Franklin
55.8%
Farad (F)Michael Faraday
45.6%
Fermi (fm)Enrico Fermi
44.5%
Kelvin (K)William Thomson (Lord Kelvin)
42.6%
Rankine (R)William J.M. Rankine
42.6%
Gilbert (Gb)William Gilbert
42.6%
Pascal (Pa)Blaise Pascal
41.1%
Centimorgan (cM)Thomas H. Morgan
34%
Becquerel (Bq)(Antoine) Henri Becquerel
32.7%
Gray (Gy)Louis H. Gray
31.3%
Coulomb (C)Charles-Augustin de Coulomb
30.8%
Ohm (Ω)Georg S. Ohm
29.6%
Gauss (G)Carl F. Gauss
27.9%
Debye (D)Peter J. W. Debye
27%
Ampere (A)André-Marie Ampere
26.3%
Unit First name % Correct
Stokes (St)George G. Stokes
26.1%
Decibel (dB)Alexander G. Bell
23.8%
Weber (Wb)Wilhelm E. Weber
19.4%
Roentgen (R)Wilhelm C. Roentgen
19.4%
Henry (H)Joseph Henry
19%
Jansky (Jy)Karl G. Jansky
17%
Fahrenheit (F)Daniel G. Fahrenheit
16.8%
Volt (V)Alessandro G.A.A. Volta
16.5%
Ångstrom (Å)Anders J. Ångstrom
15.5%
Celsius (C)Anders Celsius
15.5%
Poise (P)Jean L. M. Poiseuille
14.9%
Hertz (Hz)Heinrich R. Hertz
14.3%
Lambert (L)Johann H. Lambert
14.3%
Oersted (Oe)Hans C. Oersted
14.1%
Langley (ly)Samuel P. Langley
12.3%
Svedberg (Sv)Theodor 'The' Svedberg
9.5%
Clausius (Cl)Rudolf J.E. Clausius
4.8%
Siemens (S)Werner von Siemens
4.6%
Langmuir (L)Irving Langmuir
3.8%
Torr (torr)Evangelista Torricelli
3.8%
Scoville (SHU)Wilbur Scoville
3.2%
Eotvos (E)Loránd Eötvös
2.8%
SabinWallace C.W. Sabine
2.5%
Sievert (Sv)Rolf M. Sievert
2.3%

From the Vault

Born On This Day (July)

by Aurelian147

History 8m
The founder of Sporcle and Alex Rodriguez have at least one thing in common.
Remove Ads.
Support Sporcle.
Get the best of Sporcle when you Go Orange. This ad-free experience offers more features, more stats, and more fun while also helping to support Sporcle. Thank you for becoming a member.

Show Comments

Extras

Top Quizzes Today


Score Distribution

Your Account Isn't Verified!

In order to create a playlist on Sporcle, you need to verify the email address you used during registration. Go to your Sporcle Settings to finish the process.

Report this User

Report this user for behavior that violates our Community Guidelines.

Details: